Municipis de Catalunya, 2 primeres lletres - Statistics

General Stats
  • This quiz has been taken 657 times
  • The average score is 692 of 948
Answers on the Map
Answers color-coded by a green-red scale on the quiz's map according to % correct below.
 
Answer Stats
Answer % Correct
Cruïlles, Monells i Sant Sadurní de l'Heura
99%
La Baronia de Rialb
99%
Les Avellanes i Santa Linya
99%
Santa Bàrbara
99%
Santa Coloma de Cervelló
99%
Santa Coloma de Farners
99%
Santa Coloma de Gramenet
99%
Santa Coloma de Queralt
99%
Sant Adrià de Besòs
99%
Santa Margarida de Montbui
99%
Santa Margarida i els Monjos
99%
Santa Maria de Besora
99%
Santa Maria de Martorelles
99%
Santa Maria de Merlès
99%
Santa Maria de Miralles
99%
Santa Maria de Palautordera
99%
Santa Maria d'Oló
99%
Sant Andreu de la Barca
99%
Sant Andreu de Llavaneres
99%
Sant Andreu Salou
99%
Sant Aniol de Finestres
99%
Sant Antoni de Vilamajor
99%
Sant Bartomeu del Grau
99%
Sant Carles de la Ràpita
99%
Sant Martí d'Albars
99%
Sant Martí de Centelles
99%
Sant Martí de Llémena
99%
Sant Martí de Riucorb
99%
Sant Martí de Tous
99%
Sant Martí Sarroca
99%
Sant Martí Sesgueioles
99%
Sant Martí Vell
99%
Sant Mateu de Bages
99%
Sant Mori
99%
Sant Pol de Mar
99%
Sant Vicenç de Castellet
99%
Sant Vicenç dels Horts
99%
Sant Vicenç de Montalt
99%
Sant Vicenç de Torelló
99%
Saus, Camallera i Llampaies
99%
Santa Cecília de Voltregà
98%
Santa Llogaia d'Àlguema
98%
Santa Pau
98%
Santa Perpètua de Mogoda
98%
Sant Cebrià de Vallalta
98%
Sant Celoni
98%
Sant Cugat del Vallès
98%
Sant Cugat Sesgarrigues
98%
Sant Guim de Freixenet
98%
Sant Guim de la Plana
98%
Sant Llorenç de la Muga
98%
Sant Llorenç de Morunys
98%
Sant Llorenç d'Hortons
98%
Sant Llorenç Savall
98%
Sant Miquel de Campmajor
98%
Sant Miquel de Fluvià
98%
Sant Pau de Segúries
98%
Sant Pere de Ribes
98%
Sant Pere de Riudebitlles
98%
Sant Pere de Torelló
98%
Sant Pere de Vilamajor
98%
Sant Pere Pescador
98%
Sant Pere Sallavinera
98%
Sant Ramon
98%
El Pont de Bar
97%
Santa Cristina d'Aro
97%
Santa Fe del Penedès
97%
Sant Agustí de Lluçanès
97%
Sant Boi de Llobregat
97%
Sant Boi de Lluçanès
97%
Sant Climent de Llobregat
97%
Sant Climent Sescebes
97%
Sant Esteve de Palautordera
97%
Sant Esteve Sesrovires
97%
Sant Feliu de Buixalleu
97%
Sant Feliu de Codines
97%
Sant Feliu de Guíxols
97%
Sant Feliu de Llobregat
97%
Sant Feliu de Pallerols
97%
Sant Feliu Sasserra
97%
Sant Ferriol
97%
Sant Fost de Campsentelles
97%
Sant Gregori
97%
Sant Jaume de Frontanyà
97%
Sant Jaume de Llierca
97%
Sant Jaume dels Domenys
97%
Sant Jaume d'Enveja
97%
Sant Joan de les Abadesses
97%
Sant Joan de Mollet
97%
Sant Joan Despí
97%
Sant Joan de Vilatorrada
97%
Sant Joan les Fonts
97%
Sant Jordi Desvalls
97%
Sant Julià de Cerdanyola
97%
Sant Julià del Llor i Bonmatí
97%
Sant Julià de Ramis
97%
Sant Julià de Vilatorta
97%
Sant Just Desvern
97%
Sant Quintí de Mediona
97%
Sant Quirze de Besora
97%
Sant Quirze del Vallès
97%
Sant Quirze Safaja
97%
Vinyols i els Arcs
97%
Badalona
96%
Badia del Vallès
96%
Bagà
96%
Baix Pallars
96%
Balaguer
96%
Balenyà
96%
Balsareny
96%
Banyeres del Penedès
96%
Banyoles
96%
Barbens
96%
Barberà de la Conca
96%
Barberà del Vallès
96%
Barcelona
96%
Bàscara
96%
Bassella
96%
Batea
96%
Bausen
96%
Castellbell i el Vilar
96%
La Canonja
96%
La Tallada d'Empordà
96%
La Vilella Alta
96%
La Vilella Baixa
96%
Sabadell
96%
Sagàs
96%
Salàs de Pallars
96%
Saldes
96%
Sales de Llierca
96%
Sallent
96%
Salomó
96%
Salou
96%
Salt
96%
Sanaüja
96%
Santa Eugènia de Berga
96%
Santa Eulàlia de Riuprimer
96%
Santa Eulàlia de Ronçana
96%
Santa Oliva
96%
Santa Susanna
96%
Sant Esteve de la Sarga
96%
Sant Fruitós de Bages
96%
Sant Hilari Sacalm
96%
Sant Hipòlit de Voltregà
96%
Sant Iscle de Vallalta
96%
Santpedor
96%
Sant Sadurní d'Anoia
96%
Sant Sadurní d'Osormort
96%
Sant Salvador de Guardiola
96%
Sarral
96%
Sarrià de Ter
96%
Sarroca de Bellera
96%
Sarroca de Lleida
96%
Savallà del Comtat
96%
El Catllar
95%
La Llacuna
95%
La Llagosta
95%
La Vansa i Fórnols
95%
Montferrer i Castellbò
95%
L'Albagés
94%
L'Albi
94%
L'Albiol
94%
L'Aldea
94%
L'Aleixar
94%
La Masó
94%
L'Ametlla del Vallès
94%
L'Ametlla de Mar
94%
La Molsosa
94%
La Morera de Montsant
94%
L'Ampolla
94%
La Palma d'Ebre
94%
La Palma de Cervelló
94%
La Pobla de Cérvoles
94%
La Pobla de Claramunt
94%
La Pobla de Lillet
94%
La Pobla de Mafumet
94%
La Pobla de Massaluca
94%
La Pobla de Montornès
94%
La Pobla de Segur
94%
La Portella
94%
Vimbodí i Poblet
94%
Viver i Serrateix
94%
El Masnou
93%
El Masroig
93%
El Vilosell
93%
La Cellera de Ter
93%
La Coma i la Pedra
93%
La Riba
93%
La Riera de Gaià
93%
La Roca del Vallès
93%
La Secuita
93%
La Selva del Camp
93%
La Selva de Mar
93%
La Sénia
93%
La Sentiu de Sió
93%
La Seu d'Urgell
93%
La Torre de Cabdella
93%
La Torre de Claramunt
93%
La Torre de Fontaubella
93%
La Torre de l'Espanyol
93%
La Vajol
93%
La Vall de Bianya
93%
La Vall d'en Bas
93%
Les Cabanyes
93%
Vielha e Mijaran
93%
El Palau d'Anglesola
92%
El Papiol
92%
Els Pallaresos
92%
L'Arboç
92%
L'Argentera
92%
L'Armentera
92%
Passanant i Belltall
92%
El Poal
91%
El Pont d'Armentera
91%
El Pont de Suert
91%
El Pont de Vilomara i Rocafort
91%
El Port de la Selva
91%
La Galera
91%
La Garriga
91%
La Guingueta d'Àneu
91%
La Pera
91%
Vilanova i la Geltrú
91%
Castellet i la Gornal
90%
Castell-Platja d'Aro
90%
El Lloar
90%
El Molar
90%
El Montmell
90%
El Morell
90%
La Granada
90%
La Granadella
90%
La Granja d'Escarp
90%
Les Llosses
90%
Les Masies de Roda
90%
Les Masies de Voltregà
90%
Montellà i Martinet
90%
Cabacés
89%
Cabanabona
89%
Cabanelles
89%
Cabanes
89%
Cabó
89%
Cabra del Camp
89%
Cabrera d'Anoia
89%
Cabrera de Mar
89%
Cabrils
89%
Cadaqués
89%
Calaf
89%
Calafell
89%
Calders
89%
Caldes de Malavella
89%
Caldes de Montbui
89%
Caldes d'Estrac
89%
Calella
89%
Calldetenes
89%
Callús
89%
Calonge
89%
Calonge de Segarra
89%
Camarasa
89%
Camarles
89%
Cambrils
89%
Camós
89%
Campdevànol
89%
Campelles
89%
Campins
89%
Campllong
89%
Camprodon
89%
Canejan
89%
Canet d'Adri
89%
Canet de Mar
89%
Canovelles
89%
Cànoves i Samalús
89%
Cantallops
89%
Canyelles
89%
Capafonts
89%
Capçanes
89%
Capellades
89%
Capmany
89%
Capolat
89%
Cardedeu
89%
Cardona
89%
Carme
89%
Caseres
89%
Cassà de la Selva
89%
Casserres
89%
Castellar de la Ribera
89%
Castellar del Riu
89%
Castellar del Vallès
89%
Castellar de n'Hug
89%
Castellbisbal
89%
Castellcir
89%
Castelldans
89%
Castelldefels
89%
Castell de l'Areny
89%
Castell de Mur
89%
Castellfollit de la Roca
89%
Castellfollit del Boix
89%
Castellfollit de Riubregós
89%
Castellgalí
89%
Castellnou de Bages
89%
Castellnou de Seana
89%
Castelló de Farfanya
89%
Castelló d'Empúries
89%
Castellolí
89%
Castellserà
89%
Castellterçol
89%
Castellvell del Camp
89%
Castellví de la Marca
89%
Castellví de Rosanes
89%
Cava
89%
La Bisbal de Falset
89%
La Bisbal del Penedès
89%
La Bisbal d'Empordà
89%
La Fatarella
89%
La Figuera
89%
La Nou de Berguedà
89%
La Nou de Gaià
89%
Montcada i Reixac
89%
Pedret i Marzà
89%
El Cogul
88%
Els Torms
88%
La Quar
88%
La Floresta
87%
Alàs i Cerc
86%
Els Alamús
86%
Figaró-Montmany
86%
La Febró
86%
La Fuliola
86%
Vic
86%
Vidrà
86%
Vidreres
86%
Vilabella
86%
Vilabertran
86%
Vilablareix
86%
Vilada
86%
Viladamat
86%
Viladasens
86%
Viladecans
86%
Viladecavalls
86%
Vilademuls
86%
Viladrau
86%
Vilafant
86%
Vilafranca del Penedès
86%
Vilagrassa
86%
Vilajuïga
86%
Vilalba dels Arcs
86%
Vilalba Sasserra
86%
Vilaller
86%
Vilallonga del Camp
86%
Vilallonga de Ter
86%
Vilamacolum
86%
Vilamalla
86%
Vilamaniscle
86%
Vilamòs
86%
Vilanant
86%
Vilanova de Bellpuig
86%
Vilanova de la Barca
86%
Vilanova de l'Aguda
86%
Vilanova del Camí
86%
Vilanova del Vallès
86%
Vilanova de Meià
86%
Vilanova de Prades
86%
Vilanova de Sau
86%
Vilanova d'Escornalbou
86%
Vilanova de Segrià
86%
Vilaplana
86%
Vila-rodona
86%
Vila-sacra
86%
Vila-sana
86%
Vila-seca
86%
Vilassar de Dalt
86%
Vilassar de Mar
86%
Vilaür
86%
Vilaverd
86%
Vilobí del Penedès
86%
Vilobí d'Onyar
86%
Vilopriu
86%
Vinaixa
86%
Vinebre
86%
Els Garidells
85%
El Soleràs
85%
La Jonquera
85%
Maçanet de Cabrenys
85%
Maçanet de la Selva
85%
Madremanya
85%
Maià de Montcal
85%
Maials
85%
Maldà
85%
Malgrat de Mar
85%
Malla
85%
Manlleu
85%
Manresa
85%
Marçà
85%
Margalef
85%
Marganell
85%
Martorell
85%
Martorelles
85%
Masarac
85%
Mas de Barberans
85%
Masdenverge
85%
Masllorenç
85%
Maspujols
85%
Masquefa
85%
Massalcoreig
85%
Massanes
85%
Massoteres
85%
Matadepera
85%
Mataró
85%
Tagamanent
85%
Talamanca
85%
Talarn
85%
Talavera
85%
Taradell
85%
Tarragona
85%
Tàrrega
85%
Tarrés
85%
Tarroja de Segarra
85%
Tavèrnoles
85%
Tavertet
85%
El Pinell de Brai
84%
Fígols i Alinyà
84%
El Milà
83%
El Perelló
83%
El Rourell
83%
El Vendrell
83%
Les Valls d'Aguilar
83%
Les Valls de Valira
83%
Els Guiamets
82%
Vandellòs i l'Hospitalet de l'Infant
82%
Les Piles
81%
El Far d'Empordà
80%
Montagut i Oix
80%
Les Borges Blanques
79%
Les Borges del Camp
79%
L'Escala
79%
L'Espluga Calba
79%
L'Espluga de Francolí
79%
L'Espunyola
79%
L'Esquirol
79%
L'Estany
79%
Moià
79%
Molins de Rei
79%
Mollerussa
79%
Mollet del Vallès
79%
Mollet de Peralada
79%
Molló
79%
Monistrol de Calders
79%
Monistrol de Montserrat
79%
Montblanc
79%
Montbrió del Camp
79%
Montclar
79%
Montesquiu
79%
Montferri
79%
Montgai
79%
Montgat
79%
Montmajor
79%
Montmaneu
79%
Montmeló
79%
Montoliu de Lleida
79%
Montoliu de Segarra
79%
Montornès del Vallès
79%
Montornès de Segarra
79%
Mont-ral
79%
Mont-ras
79%
Mont-roig del Camp
79%
Montseny
79%
Móra d'Ebre
79%
Móra la Nova
79%
Els Hostalets de Pierola
78%
Les Oluges
78%
Les Preses
78%
Lladó
78%
Lladorre
78%
Lladurs
78%
Llagostera
78%
Llambilles
78%
Llanars
78%
Llançà
78%
Llardecans
78%
Llavorsí
78%
Lleida
78%
Llers
78%
Lles de Cerdanya
78%
Lliçà d'Amunt
78%
Lliçà de Vall
78%
Llimiana
78%
Llinars del Vallès
78%
Llívia
78%
Llobera
78%
Llorac
78%
Llorenç del Penedès
78%
Lloret de Mar
78%
Lluçà
78%
Palau-solità i Plegamans
78%
Torrefeta i Florejacs
78%
Tona
77%
Torà
77%
Tordera
77%
Torelló
77%
Tornabous
77%
Torrebesses
77%
Torredembarra
77%
Torrefarrera
77%
Torregrossa
77%
Torrelameu
77%
Torrelavit
77%
Torrelles de Foix
77%
Torrelles de Llobregat
77%
Torrent
77%
Torres de Segre
77%
Torre-serona
77%
Torroella de Fluvià
77%
Torroella de Montgrí
77%
Torroja del Priorat
77%
Tortellà
77%
Tortosa
77%
Toses
77%
Tossa de Mar
77%
El Prat de Llobregat
76%
Els Prats de Rei
76%
Pacs del Penedès
76%
Palafolls
76%
Palafrugell
76%
Palamós
76%
Palau de Santa Eulàlia
76%
Palau-sator
76%
Palau-saverdera
76%
Pallejà
76%
Palol de Revardit
76%
Pals
76%
Pardines
76%
Parets del Vallès
76%
Parlavà
76%
Pau
76%
Paüls
76%
El Bruc
74%
El Brull
74%
Poboleda
74%
Polinyà
74%
Pont de Molins
74%
Pontils
74%
Pontons
74%
Pontós
74%
Ponts
74%
Porqueres
74%
Porrera
74%
Portbou
74%
Les Planes d'Hostoles
73%
Boadella i les Escaules
72%
El Pla del Penedès
72%
El Pla de Santa Maria
72%
Els Plans de Sió
72%
Es Bòrdes
72%
Begues
71%
Begur
71%
Belianes
71%
Bellaguarda
71%
Bellcaire d'Empordà
71%
Bellcaire d'Urgell
71%
Bell-lloc d'Urgell
71%
Bellmunt del Priorat
71%
Bellmunt d'Urgell
71%
Bellprat
71%
Bellpuig
71%
Bellvei
71%
Bellver de Cerdanya
71%
Bellvís
71%
Benavent de Segrià
71%
Benifallet
71%
Benissanet
71%
Berga
71%
Besalú
71%
Bescanó
71%
Beuda
71%
Albanyà
70%
Albatàrrec
70%
Albesa
70%
Albinyana
70%
Albons
70%
Alcanar
70%
Alcanó
70%
Alcarràs
70%
Alcoletge
70%
Alcover
70%
Aldover
70%
Alella
70%
Alfara de Carles
70%
Alfarràs
70%
Alfés
70%
Alforja
70%
Algerri
70%
Alguaire
70%
Alins
70%
Alió
70%
Almacelles
70%
Almatret
70%
Almenar
70%
Almoster
70%
Alòs de Balaguer
70%
Alp
70%
Alpens
70%
Alpicat
70%
Altafulla
70%
Alt Àneu
70%
Colera
70%
Collbató
70%
Colldejou
70%
Coll de Nargó
70%
Collsuspina
70%
Colomers
70%
Conca de Dalt
70%
Conesa
70%
Constantí
70%
Copons
70%
Corbera d'Ebre
70%
Corbera de Llobregat
70%
Corbins
70%
Corçà
70%
Cornellà de Llobregat
70%
Cornellà del Terri
70%
Cornudella de Montsant
70%
Les Franqueses del Vallès
69%
Teià
68%
Térmens
68%
Terrades
68%
Terrassa
68%
Gimenells i el Pla de la Font
67%
Ginestar
67%
Girona
67%
Gironella
67%
Gisclareny
67%
Rocafort de Queralt
67%
Roda de Berà
67%
Roda de Ter
67%
Rodonyà
67%
Roquetes
67%
Roses
67%
Rosselló
67%
Senan
67%
Senterada
67%
Sentmenat
67%
Serinyà
67%
Seròs
67%
Serra de Daró
67%
Setcases
67%
Seva
67%
Vacarisses
66%
Vallbona d'Anoia
66%
Vallbona de les Monges
66%
Vallcebre
66%
Vallclara
66%
Vall de Boí
66%
Vall de Cardós
66%
Vallfogona de Balaguer
66%
Vallfogona de Ripollès
66%
Vallfogona de Riucorb
66%
Vallgorguina
66%
Vallirana
66%
Vall-llobrega
66%
Vallmoll
66%
Vallromanes
66%
Valls
66%
Sobremunt
65%
Solivella
65%
Solsona
65%
Sora
65%
Soriguera
65%
Sort
65%
Soses
65%
Els Omellons
64%
Els Omells de na Gaia
64%
Gaià
64%
Gallifa
64%
Gandesa
64%
Garcia
64%
Garrigàs
64%
Garrigoles
64%
Garriguella
64%
Gavà
64%
Gavet de la Conca
64%
Puigcerdà
64%
Puigdàlber
64%
Puiggròs
64%
Puigpelat
64%
Puig-reig
64%
Puigverd d'Agramunt
64%
Puigverd de Lleida
64%
Pujalt
64%
Rialp
64%
Riba-roja d'Ebre
64%
Ribera d'Ondara
64%
Ribera d'Urgellet
64%
Ribes de Freser
64%
Riells i Viabrea
64%
Riner
64%
Ripoll
64%
Ripollet
64%
Riudarenes
64%
Riudaura
64%
Riudecanyes
64%
Riu de Cerdanya
64%
Riudecols
64%
Riudellots de la Selva
64%
Riudoms
64%
Riumors
64%
Celrà
63%
Centelles
63%
Cercs
63%
Cerdanyola del Vallès
63%
Cervelló
63%
Cervera
63%
Cervià de les Garrigues
63%
Cervià de Ter
63%
Rupit i Pruit
63%
Regencós
62%
Rellinars
62%
Renau
62%
Reus
62%
Sidamon
62%
Sils
62%
Sitges
62%
Siurana
62%
Tiana
62%
Tírvia
62%
Tiurana
62%
Tivenys
62%
Tivissa
62%
Les
61%
Piera
59%
Pineda de Mar
59%
Pinell de Solsonès
59%
Pinós
59%
Pira
59%
Bolvir
57%
Bonastre
57%
Bordils
57%
Borrassà
57%
Borredà
57%
Bossòst
57%
Bot
57%
Botarell
57%
Bovera
57%
Nalec
56%
Naut Aran
56%
Navarcles
56%
Navàs
56%
Navata
56%
Navès
56%
Amer
54%
Amposta
54%
Arbeca
54%
Arbolí
54%
Arbúcies
54%
Arenys de Mar
54%
Arenys de Munt
54%
Argelaguer
54%
Argençola
54%
Argentona
54%
Arnes
54%
Arres
54%
Arsèguel
54%
Artés
54%
Artesa de Lleida
54%
Artesa de Segre
54%
Deltebre
54%
Muntanyola
54%
Mura
54%
Rabós
54%
Rajadell
54%
Rasquera
54%
Cubelles
53%
Cubells
53%
Cunit
53%
Mieres
53%
Miralcamp
53%
Miravet
53%
Josa i Tuixén
52%
L'Hospitalet de Llobregat
52%
Penelles
51%
Perafita
51%
Perafort
51%
Peralada
51%
Peramola
51%
Rubí
50%
Rubió
50%
Rupià
50%
Fígols
49%
Figueres
49%
Figuerola del Camp
49%
Subirats
49%
Sudanell
49%
Sunyer
49%
Súria
49%
Susqueda
49%
Gelida
47%
Ger
47%
Gualba
47%
Gualta
47%
Guardiola de Berguedà
47%
Guils de Cerdanya
47%
Guimerà
47%
Guissona
47%
Guixers
47%
Gurb
47%
Medinyà
47%
Mediona
47%
Menàrguens
47%
Meranges
47%
Linyola
46%
Tremp
46%
Bigues i Riells
45%
Biosca
45%
Biure
45%
Olèrdola
45%
Olesa de Bonesvalls
45%
Olesa de Montserrat
45%
Oliana
45%
Oliola
45%
Olius
45%
Olivella
45%
Olost
45%
Olot
45%
Olvan
45%
Cistella
44%
Ciutadilla
44%
Falset
44%
Farrera
44%
Fogars de la Selva
44%
Fogars de Montclús
44%
Foixà
44%
Folgueroles
44%
Fondarella
44%
Fonollosa
44%
Fontanals de Cerdanya
44%
Fontanilles
44%
Fontcoberta
44%
Font-rubí
44%
Foradada
44%
Forallac
44%
Forès
44%
Fornells de la Selva
44%
Fortià
44%
Godall
43%
Golmés
43%
Gombrèn
43%
Gósol
43%
Darnius
42%
Das
42%
Esparreguera
42%
Espinelves
42%
Esplugues de Llobregat
42%
Espolla
42%
Esponellà
42%
Espot
42%
Estamariu
42%
Estaràs
42%
Esterri d'Àneu
42%
Esterri de Cardós
42%
Horta de Sant Joan
41%
Hostalric
41%
Veciana
40%
Ventalló
40%
Verdú
40%
Verges
40%
Vespella de Gaià
40%
Dosrius
39%
Nulles
36%
Pradell de la Teixeta
33%
Prades
33%
Prat de Comte
33%
Pratdip
33%
Prats de Lluçanès
33%
Prats i Sansor
33%
Preixana
33%
Preixens
33%
Premià de Dalt
33%
Premià de Mar
33%
Prullans
33%
Àger
32%
Agramunt
32%
Aguilar de Segarra
32%
Agullana
32%
Abella de la Conca
30%
Abrera
30%
Blancafort
30%
Blanes
30%
Fulleda
30%
Aiguafreda
29%
Aiguamúrcia
29%
Aiguaviva
29%
Aitona
29%
Ascó
28%
Aspa
28%
Bràfim
28%
Breda
28%
Brunyola
28%
Ullà
28%
Ullastrell
28%
Ullastret
28%
Ulldecona
28%
Ulldemolins
28%
Ultramort
28%
Anglès
27%
Anglesola
27%
Duesaigües
27%
Juià
27%
Juncosa
27%
Juneda
27%
Granera
26%
Granollers
26%
Granyanella
26%
Granyena de les Garrigues
26%
Granyena de Segarra
26%
Gratallops
26%
Jorba
26%
Creixell
25%
Crespià
25%
Jafre
25%
Quart
25%
Queralbs
25%
Querol
25%
Ordis
22%
Organyà
22%
Orís
22%
Oristà
22%
Orpí
22%
Òrrius
22%
Os de Balaguer
22%
Osor
22%
Ossó de Sió
22%
Planoles
22%
Avià
20%
Avinyó
20%
Avinyonet del Penedès
20%
Avinyonet de Puigventós
20%
Freginals
17%
Isona i Conca Dellà
15%
Isòvol
15%
Clariana de Cardener
14%
Flaçà
13%
Flix
13%
Igualada
12%
Urús
12%
Xerta
11%
Òden
9%
Òdena
9%
Ogassa
9%
Ivars de Noguera
5%
Ivars d'Urgell
5%
Ivorra
5%
No matching quizzes found
Score Distribution
Percent of People with Each Score
Percentile by Number Answered
Your Score History
You have not taken this quiz